The Clue of the hissing serpent (Record no. 570706)

MARC details
000 -LEADER
fixed length control field 00421nam a22001577a 4500
008 - FIXED-LENGTH DATA ELEMENTS--GENERAL INFORMATION
fixed length control field 250328b |||||||| |||| 00| 0 eng d
020 ## - INTERNATIONAL STANDARD BOOK NUMBER
ISBN 9780448089539
Paper back/Hardbound hbk
082 ## - DEWEY DECIMAL CLASSIFICATION NUMBER
Classification number 823.912
Item number DIX
100 ## - MAIN ENTRY--AUTHOR NAME
Personal name Dixon, Franklin W.
245 ## - TITLE STATEMENT
Title The Clue of the hissing serpent
Statement of responsibility, etc Franklin W. Dixon
260 ## - PUBLICATION, DISTRIBUTION, ETC. (IMPRINT)
Place of publication New York
Name of publisher New York
Year of publication 2003
300 ## - PHYSICAL DESCRIPTION
Number of Pages 181
490 ## - SERIES STATEMENT
Series statement The Hardy Boys
942 ## - ADDED ENTRY ELEMENTS (KOHA)
Koha item type English Books
Holdings
Withdrawn status Lost status Damaged status Not for loan Home library Current library Shelving location Date acquired Full call number Accession Number Price effective from Koha item type
        Anna Centenary Library Anna Centenary Library CHILDREN SECTION-1ST FLOOR, B WING 01.12.2010 823.912 DIX 411671 28.03.2025 English Books

Find us on the map